• 首页
  • 本馆介绍
  • 公告通知
  • 最新文献
  • 馆藏检索
  • 电子资源
  • 读者导购
  • 参考咨询
  • 我的图书馆
  • 登录
  • 详细信息显示
  • 放入我的书架
  • 预约/预借图书
  • 作者相关作品
  • 分类相关作品
  • 丛书相关作品
  • 出版社相关作品

书目信息

  • 表格格式
  • 工作单格式
  • 卡片格式
题名:
广释词
    
 
作者: 徐仁甫 著
分册:  
出版信息: 成都   四川人民出版社  1981
页数: 594页
开本: 21cm
丛书名:
单 册:
中图分类: H141 , H13
科图分类:
主题词: 汉语-古代-语法 , 语法-汉语-古代 , 汉语--语义 , 汉语--语义学 , 汉语--词汇 , 训诂
电子资源:
ISBN:
000 00698nam0 2200289 45
001 1535623138
005 20150128075736.23
010    @dCNY2.33
091    @aCN@b9118.8
100    @a19950114d1981 emky0chiy0121 ea
101 0  @achi
102    @aCN@b510000
105    @ay z 000yy
200 10 @a广释词@Aguang shi ci@f徐仁甫编著
210    @a成都@c四川人民出版社@d1981
215    @a594页@d21cm
606    @a汉语-古代-语法
606    @a语法-汉语-古代
606 0  @a汉语@x语义
606 0  @a汉语@x语义学
606 0  @a汉语@x词汇
606 0  @a训诂
690    @aH141@v3
690    @aH13@v4
701  0 @a徐仁甫@Axu ren fu@4著
801  0 @aCN@bTSSF@c20150128
905    @aZUCC@dH13@eJY21
    
    广释词/徐仁甫编著.-成都:四川人民出版社,1981
    594页;21cm
    
    
    ISBN :CNY2.33
    
●
相关链接 在E读中查询图书 在五车中查询图书 在当当中查询图书 在豆瓣中查询图书


正题名:广释词     索取号:H13/JY21         预约/预借

序号 登录号 条形码 馆藏地/架位号 状态 备注
1 7849942   278499420   学院路分馆/ [索取号:H13/JY21] 在馆    
2 7849943   278499439   学院路分馆/ [索取号:H13/JY21] 在馆    
3 7849944   278499448   学院路分馆/ [索取号:H13/JY21] 在馆    
唐山师范学院图书馆 欢迎您!
大连网信软件有限公司© 版权所有